| 000 | 00806cab a2200229 4500 | ||
|---|---|---|---|
| 001 | ABS52003 | ||
| 008 | 090401t1994 xxu||||| |||| 00| 0 eng d | ||
| 035 | _a(Sirsi) u54353 | ||
| 041 | _aeng | ||
| 100 | _aMiller, K. | ||
| 245 | _aBusiness rates in the spotlight | ||
| 260 | _c1994 | ||
| 350 | _a0 | ||
| 490 |
_aIRRV Journal _vDecember 1994, 284-290(6) |
||
| 520 | _aDiscusses intrinsic problems with the 1995 non domestic rating list, posed by complex legislation, revaluation against a background of property market recession and difficulties because the 1990 list was not thoroughly tested in the courts. | ||
| 650 | _aBUSINESS RATES | ||
| 650 | _aNON DOMESTIC RATING LIST 1995 | ||
| 650 | _aRATING REVALUATION 1995 | ||
| 690 | _aRATING AND VALUATION | ||
| 942 | _n0 | ||
| 948 | _c04/03/1997 | ||
| 999 |
_c33318 _d33318 |
||